[Event "Sabaneta op-A 2nd"]
[Site "Sabaneta Antioquia"]
[Date "2023.06.30"]
[Round "4"]
[White "Moreno Marino, Juan Nicolas"]
[Black "Ardila, Oscar Humberto"]
[Result "0-1"]
[WhiteElo "1898"]
[BlackElo "1958"]
[PlyCount "74"]
[EventDate "2023.06.28"]
[EventType "swiss"]
[EventRounds "9"]
[EventCountry "COL"]
[SourceTitle "CBM 215 Extra"]
[Source "ChessBase"]
[SourceDate "2023.09.30"]
[SourceVersion "1"]
[SourceVersionDate "2023.09.30"]
[SourceQuality "1"]

1. d4 Nf6 2. c4 e6 3. g3 Bb4+ 4. Bd2 Qe7 5. Bg2 0-0 6. Nf3 Ne4 7. 0-0 Nxd2 8. Nbxd2 d5 9. e4 dxc4 10. Nxc4 b5 11. Ne3 Bb7 12. Qc2 Ba5 13. Nd2 Nc6 14. Nb3 Bb6 15. Rfd1 a5 16. a3 a4 17. Nc5 Nxd4 18. Rxd4 Bxc5 19. Rd2 Rfd8 20. Rxd8+ Rxd8 21. Rc1 Bb6 22. Qe2 b4 23. Nc4 Ba6 24. Qf3 Bxc4 25. Rxc4 Rd2 26. Rxb4 Qc5 27. e5 g6 28. h4 Rxf2 29. Qa8+ Kg7 30. Kh2 Qxe5 31. Qxa4 Rxg2+ 32. Kxg2 Qe2+ 33. Kh1 Qf1+ 34. Kh2 Bg1+ 35. Kh1 Bf2+ 36. Kh2 Qg1+ 37. Kh3 Qxg3# 0-1

[Event "COL-ch"]
[Site "Boyaca"]
[Date "2022.08.21"]
[Round "8"]
[White "Zuluaga A, Ernesto Uriel"]
[Black "Moreno Marino, Juan Nicolas"]
[Result "0-1"]
[WhiteElo "2090"]
[BlackElo "1901"]
[PlyCount "92"]
[EventDate "2022.08.17"]
[EventType "swiss"]
[EventRounds "9"]
[EventCountry "COL"]
[SourceTitle "CBM 210 Extra"]
[Source "ChessBase"]
[SourceDate "2022.11.30"]
[SourceVersion "1"]
[SourceVersionDate "2022.11.30"]
[SourceQuality "1"]

1. e4 c5 2. Nf3 Nc6 3. d4 cxd4 4. Nxd4 e6 5. Nxc6 bxc6 6. Bd3 e5 7. 0-0 Nf6 8. c4 Bc5 9. Nc3 Rb8 10. b3 0-0 11. Bg5 d6 12. Qf3 Bd4 13. Rac1 h6 14. Bxf6 Qxf6 15. Qxf6 gxf6 16. Rfe1 a5 17. Na4 Ba6 18. Red1 Rfd8 19. Kf1 Kg7 20. Ke2 h5 21. c5 Bxd3+ 22. Rxd3 d5 23. exd5 Rxd5 24. Rd2 Rb5 25. Rdc2 Rd8 26. Rc4 f5 27. R1c2 f6 28. Nb2 h4 29. Rd2 Rd5 30. Na4 Rb4 31. Rc1 Kg6 32. Rd3 Rb5 33. Rc4 Rb4 34. Rc1 f4 35. a3 Rb7 36. Rc4 Rb8 37. b4 axb4 38. axb4 Rdd8 39. Nb6 Kf5 40. Ra3 Rg8 41. Kf1 Rg7 42. Rc2 Rbg8 43. f3 h3 44. gxh3 Rg1+ 45. Ke2 R8g2+ 46. Kd3 Rd1+ 0-1

[Event "COL-ch"]
[Site "Boyaca"]
[Date "2022.08.19"]
[Round "5"]
[White "Moreno Marino, Juan Nicolas"]
[Black "Gonzalez Velasco, Leandro"]
[Result "0-1"]
[WhiteElo "1901"]
[BlackElo "2116"]
[PlyCount "42"]
[EventDate "2022.08.17"]
[EventType "swiss"]
[EventRounds "9"]
[EventCountry "COL"]
[SourceTitle "CBM 210 Extra"]
[Source "ChessBase"]
[SourceDate "2022.11.30"]
[SourceVersion "1"]
[SourceVersionDate "2022.11.30"]
[SourceQuality "1"]

1. d4 Nf6 2. c4 g6 3. Nc3 Bg7 4. e4 d6 5. h3 0-0 6. Be3 c5 7. dxc5 Qa5 8. Qd2 dxc5 9. Nd5 Qxd2+ 10. Bxd2 Nxd5 11. cxd5 Bxb2 12. Rb1 Bg7 13. Bc4 Nd7 14. a4 Nb6 15. Bb3 c4 16. Bc2 c3 17. Be3 Nc4 18. Bc5 b6 19. Bxe7 Re8 20. d6 Na3 21. d7 Nxc2+ 0-1

[Event "COL-ch"]
[Site "Boyaca"]
[Date "2022.08.18"]
[Round "3"]
[White "Moreno Marino, Juan Nicolas"]
[Black "Cardona, Jacobo"]
[Result "1-0"]
[WhiteElo "1901"]
[BlackElo "1471"]
[PlyCount "63"]
[EventDate "2022.08.17"]
[EventType "swiss"]
[EventRounds "9"]
[EventCountry "COL"]
[SourceTitle "CBM 210 Extra"]
[Source "ChessBase"]
[SourceDate "2022.11.30"]
[SourceVersion "1"]
[SourceVersionDate "2022.11.30"]
[SourceQuality "1"]

1. d4 d5 2. Nf3 e6 3. c4 Nf6 4. g3 Be7 5. Bg2 dxc4 6. Nc3 c5 7. Qa4+ Bd7 8. Qxc4 Bc6 9. dxc5 Nbd7 10. b4 a6 11. Qb3 b6 12. cxb6 Qxb6 13. Rb1 Rb8 14. a3 Ng4 15. 0-0 h5 16. h3 Qb7 17. hxg4 hxg4 18. Ne1 Ne5 19. Bf4 Bxg2 20. Nxg2 Nf3+ 21. exf3 gxf3 22. Ne1 e5 23. Qd5 Qc8 24. Qxf3 exf4 25. Nd5 Qh3 26. Qg2 Qf5 27. Rd1 Bd6 28. Nc7+ Bxc7 29. Qc6+ Kf8 30. Qxc7 Re8 31. Qc5+ Qxc5 32. bxc5 1-0

[Event "COL-ch"]
[Site "Boyaca"]
[Date "2022.08.17"]
[Round "2"]
[White "Carrillo Parra, Miguel Alfredo"]
[Black "Moreno Marino, Juan Nicolas"]
[Result "1-0"]
[WhiteElo "2191"]
[BlackElo "1901"]
[PlyCount "59"]
[EventDate "2022.08.17"]
[EventType "swiss"]
[EventRounds "9"]
[EventCountry "COL"]
[SourceTitle "CBM 210 Extra"]
[Source "ChessBase"]
[SourceDate "2022.11.30"]
[SourceVersion "1"]
[SourceVersionDate "2022.11.30"]
[SourceQuality "1"]

1. d4 d5 2. c4 e6 3. Nc3 Nf6 4. cxd5 exd5 5. Bg5 Be7 6. e3 0-0 7. Qc2 c6 8. Bd3 Nbd7 9. Nge2 Re8 10. 0-0 a5 11. f3 b5 12. e4 Qb6 13. Kh1 dxe4 14. fxe4 h6 15. Be3 Nf8 16. e5 Ng4 17. Bg1 Bg5 18. Rf3 h5 19. Raf1 Qb7 20. Ne4 Be7 21. Rxf7 Qa6 22. N2g3 Be6 23. R7f3 a4 24. Nxh5 Bxa2 25. Rg3 Qc8 26. Be2 Be6 27. Nxg7 Kxg7 28. Bxg4 Bxg4 29. h3 Ng6 30. Rxg4 1-0

[Event "COL-ch U20"]
[Site "Barranquilla"]
[Date "2022.07.07"]
[Round "3"]
[White "Moreno Marino, Juan Nicolas"]
[Black "Norena Marin, Jeronimo"]
[Result "1-0"]
[WhiteElo "1928"]
[BlackElo "1368"]
[PlyCount "61"]
[EventDate "2022.07.06"]
[EventType "swiss"]
[EventRounds "9"]
[EventCountry "COL"]
[SourceTitle "EXT 2023"]
[Source "ChessBase"]
[SourceDate "2022.10.05"]
[SourceVersion "1"]
[SourceVersionDate "2022.10.05"]
[SourceQuality "1"]

1. e4 g6 2. c4 Bg7 3. Nc3 d6 4. d4 Nf6 5. h3 0-0 6. Be3 e5 7. d5 Nh5 8. g3 Nd7 9. Be2 Nhf6 10. Nf3 Re8 11. Qc2 a6 12. 0-0-0 b6 13. g4 Nc5 14. Rdg1 Bb7 15. h4 Qc8 16. Nd2 Kf8 17. g5 Ng8 18. h5 Rb8 19. Nf3 Ne7 20. Nh2 c6 21. hxg6 Nxg6 22. Ng4 cxd5 23. cxd5 b5 24. Nf6 Re7 25. Rxh7 b4 26. Bg4 Qc7 27. Ne2 b3 28. axb3 Nxb3+ 29. Kb1 Na5 30. Qxc7 Rxc7 31. Bb6 1-0

[Event "COL-ch U20"]
[Site "Barranquilla"]
[Date "2022.07.07"]
[Round "2"]
[White "Puerta Rendon, Jacobo"]
[Black "Moreno Marino, Juan Nicolas"]
[Result "1-0"]
[WhiteElo "1636"]
[BlackElo "1928"]
[PlyCount "71"]
[EventDate "2022.07.06"]
[EventType "swiss"]
[EventRounds "9"]
[EventCountry "COL"]
[SourceTitle "EXT 2023"]
[Source "ChessBase"]
[SourceDate "2022.10.05"]
[SourceVersion "1"]
[SourceVersionDate "2022.10.05"]
[SourceQuality "1"]

1. e4 c5 2. Nf3 e6 3. d4 cxd4 4. Nxd4 a6 5. Nc3 b5 6. a3 Bb7 7. Be2 Qc7 8. Be3 Nf6 9. Bd3 Nc6 10. 0-0 Ne5 11. Bf4 Bc5 12. Nf3 d6 13. Nxe5 dxe5 14. Bg3 Bd4 15. Qd2 Rc8 16. Ne2 Bxb2 17. Ra2 Bc3 18. Nxc3 Qxc3 19. Qxc3 Rxc3 20. Bxe5 Rc8 21. f3 0-0 22. a4 bxa4 23. Rxa4 Rc6 24. Rb1 Nd7 25. Rxb7 Nxe5 26. Rxa6 Rc3 27. Rd6 g5 28. Rb5 f6 29. Rxe6 Nxd3 30. cxd3 Rxd3 31. Rf5 Kg7 32. e5 Rd1+ 33. Kf2 Rd2+ 34. Kg3 Re2 35. exf6+ Kg6 36. Rxg5+ 1-0

[Event "COL-ch U20"]
[Site "Barranquilla"]
[Date "2022.07.06"]
[Round "1"]
[White "Moreno Marino, Juan Nicolas"]
[Black "Varela Sanchez, David Yoel"]
[Result "1-0"]
[WhiteElo "1928"]
[BlackElo "1342"]
[PlyCount "103"]
[EventDate "2022.07.06"]
[EventType "swiss"]
[EventRounds "9"]
[EventCountry "COL"]
[SourceTitle "EXT 2023"]
[Source "ChessBase"]
[SourceDate "2022.10.05"]
[SourceVersion "1"]
[SourceVersionDate "2022.10.05"]
[SourceQuality "1"]

1. d4 d5 2. Nf3 Bf5 3. c4 e6 4. g3 c6 5. Bg2 Nf6 6. 0-0 Bd6 7. Nh4 Bg4 8. Nc3 Nbd7 9. Qb3 Qb6 10. c5 Qxb3 11. axb3 Bc7 12. b4 0-0 13. f3 Bh5 14. e4 a6 15. e5 Ne8 16. Bh3 Bd8 17. Ng2 Bg6 18. f4 Nc7 19. Re1 Re8 20. Bd2 Nb5 21. Nxb5 cxb5 22. f5 Bxf5 23. Bxf5 exf5 24. h4 Nb8 25. Ne3 g6 26. Nxd5 Nc6 27. Bc3 Rc8 28. Rad1 Be7 29. Nb6 Rcd8 30. d5 Nb8 31. d6 Bf8 32. Nd5 Bg7 33. Nc7 Re6 34. Nxe6 fxe6 35. d7 Bf8 36. g4 Be7 37. gxf5 gxf5 38. Kg2 Bxh4 39. Rg1 Be7 40. Kf3+ Kf7 41. Rh1 Rxd7 42. Rxh7+ Ke8 43. Rh8+ Bf8 44. Rd6 Kf7 45. Rxd7+ Nxd7 46. Kf4 Bg7 47. Ra8 Bh6+ 48. Kf3 Bg7 49. Ra7 Nxe5+ 50. Bxe5 Bxe5 51. Rxb7+ Kf6 52. c6 1-0

[Event "Pereira Gildardo Garcia Memorial-A"]
[Site "Pereira"]
[Date "2022.05.21"]
[Round "8"]
[White "Moreno Marino, Juan Nicolas"]
[Black "Lopez Idarraga, Daniel Eduardo"]
[Result "0-1"]
[WhiteElo "1919"]
[BlackElo "2028"]
[PlyCount "102"]
[EventDate "2022.05.18"]
[EventType "swiss"]
[EventRounds "10"]
[EventCountry "COL"]
[SourceTitle "CBM 208 Extra"]
[Source "ChessBase"]
[SourceDate "2022.07.31"]
[SourceVersion "1"]
[SourceVersionDate "2022.07.31"]
[SourceQuality "1"]

1. d4 d5 2. Nf3 Nf6 3. e3 Bf5 4. Bd3 Bxd3 5. Qxd3 Nbd7 6. 0-0 e6 7. Nbd2 Be7 8. e4 dxe4 9. Nxe4 0-0 10. Bf4 c5 11. dxc5 Nxe4 12. Qxe4 Nxc5 13. Qe2 Bf6 14. Rad1 Qa5 15. Be5 Bxe5 16. Qxe5 Rac8 17. a3 Qb6 18. Rd6 Rc6 19. Rfd1 a5 20. h4 h6 21. R1d4 f6 22. Rxc6 Qxc6 23. Qd6 Qxd6 24. Rxd6 e5 25. h5 Rc8 26. c4 Ne4 27. Rb6 Rxc4 28. Rxb7 Rc1+ 29. Kh2 Nxf2 30. Nh4 Rh1+ 31. Kg3 Ne4+ 32. Kg4 Nd6 33. Rd7 f5+ 34. Nxf5 Nxf5 35. Kxf5 Rxh5+ 36. Ke4 Rg5 37. Rd2 a4 38. Kf3 Kf7 39. Re2 Rf5+ 40. Ke4 Ke6 41. g3 Rg5 42. Kf3 Kf5 43. Rc2 Rg6 44. Rc4 Rb6 45. Rb4 Rxb4 46. axb4 e4+ 47. Ke3 Ke5 48. g4 g6 49. b5 Kd5 50. b6 Kc6 51. Kxe4 Kxb6 0-1

[Event "Pereira Gildardo Garcia Memorial-A"]
[Site "Pereira"]
[Date "2022.05.20"]
[Round "5"]
[White "Ospina Castro, Santiago"]
[Black "Moreno Marino, Juan Nicolas"]
[Result "1-0"]
[WhiteElo "2075"]
[BlackElo "1919"]
[PlyCount "81"]
[EventDate "2022.05.18"]
[EventType "swiss"]
[EventRounds "10"]
[EventCountry "COL"]
[SourceTitle "CBM 208 Extra"]
[Source "ChessBase"]
[SourceDate "2022.07.31"]
[SourceVersion "1"]
[SourceVersionDate "2022.07.31"]
[SourceQuality "1"]

1. e4 c5 2. Nf3 e6 3. d4 cxd4 4. Nxd4 a6 5. Nc3 Qc7 6. Be2 Nc6 7. 0-0 Nf6 8. Be3 Be7 9. f4 d6 10. a4 0-0 11. Kh1 Nxd4 12. Qxd4 Bd7 13. a5 Rac8 14. e5 Ne8 15. Rfd1 d5 16. f5 Bc5 17. Qf4 Bxe3 18. Qxe3 Qc5 19. Qf4 f6 20. fxe6 Bxe6 21. Bf3 Rd8 22. exf6 Nxf6 23. Qd4 Qxd4 24. Rxd4 Rd6 25. Rad1 Rc8 26. Kg1 Rc5 27. Ra1 Rdc6 28. Kf2 Kf7 29. Ke3 Ke7 30. Kd2 g5 31. g3 Nd7 32. Re1 Rxa5 33. Nxd5+ Kf7 34. Nb4 Rb6 35. Nd3 Kf6 36. Rxe6+ Rxe6 37. Rxd7 h6 38. Rxb7 Ra1 39. c4 Rf1 40. Bd5 Re7 41. Rb6+ 1-0

[Event "COL-chT"]
[Site "Medellin"]
[Date "2021.12.10"]
[Round "3.2"]
[White "Vargas Viscaino, Jesus Daniel"]
[Black "Moreno Marino, Juan Nicolas"]
[Result "0-1"]
[WhiteElo "1900"]
[BlackElo "1971"]
[PlyCount "84"]
[EventDate "2021.12.09"]
[EventType "team-swiss"]
[EventRounds "6"]
[EventCountry "COL"]
[SourceTitle "CBM 205 Extra"]
[Source "ChessBase"]
[SourceDate "2022.01.31"]
[SourceVersion "1"]
[SourceVersionDate "2022.01.31"]
[SourceQuality "1"]
[WhiteTeam "Atlantico Quintal"]
[BlackTeam "Boyaca II"]
[WhiteTeamCountry "COL"]
[BlackTeamCountry "COL"]

1. e4 c5 2. Nf3 Nc6 3. d4 cxd4 4. Nxd4 Nf6 5. Nc3 e6 6. Ndb5 Bb4 7. a3 Bxc3+ 8. Nxc3 d5 9. exd5 exd5 10. Bd3 0-0 11. 0-0 Bg4 12. f3 Bh5 13. Bg5 Qb6+ 14. Kh1 Ne4 15. Nxe4 dxe4 16. Bxe4 Qxb2 17. Qd3 Bg6 18. Bxg6 hxg6 19. Rab1 Qe5 20. f4 Qc7 21. f5 Ne5 22. Qe4 gxf5 23. Rxf5 Rae8 24. Rbf1 Nc4 25. Qh4 Nd6 26. R5f3 Qxc2 27. Bf6 Qh7 28. Qf4 Re6 29. Be5 Ne4 30. Rh3 Qg6 31. Qh4 f6 32. Bd4 b6 33. Re3 Rfe8 34. Rfe1 Kf7 35. R1e2 Qg5 36. Qe1 Qd5 37. Bb2 Nf2+ 38. Kg1 Nd3 39. Rxe6 Nxe1 40. Rxe8 Nd3 41. R8e7+ Kg6 42. Re8 Qc5+ 0-1

[Event "COL-chT"]
[Site "Medellin"]
[Date "2021.12.09"]
[Round "2.3"]
[White "Lopez Ramirez, Daniel Giovanny"]
[Black "Moreno Marino, Juan Nicolas"]
[Result "1-0"]
[WhiteElo "1855"]
[BlackElo "1971"]
[PlyCount "73"]
[EventDate "2021.12.09"]
[EventType "team-swiss"]
[EventRounds "6"]
[EventCountry "COL"]
[SourceTitle "CBM 205 Extra"]
[Source "ChessBase"]
[SourceDate "2022.01.31"]
[SourceVersion "1"]
[SourceVersionDate "2022.01.31"]
[SourceQuality "1"]
[WhiteTeam "Cundinamarca"]
[BlackTeam "Boyaca II"]
[WhiteTeamCountry "COL"]
[BlackTeamCountry "COL"]

1. d4 Nf6 2. Nf3 e6 3. g3 b6 4. Bg2 Bb7 5. 0-0 Be7 6. Nbd2 0-0 7. Re1 d5 8. h4 Nbd7 9. Nf1 c5 10. c3 b5 11. N1h2 Ne4 12. Ng4 f5 13. Nge5 Ndf6 14. Be3 c4 15. Ng5 Qb6 16. Bxe4 Nxe4 17. Nd7 Qc7 18. Nxf8 Nxg5 19. hxg5 Rxf8 20. Kg2 e5 21. f4 exf4 22. Bxf4 Qd8 23. e3 Qe8 24. Rh1 Bd8 25. Qh5 Qxh5 26. Rxh5 g6 27. Rh6 Rf7 28. a4 Bc6 29. axb5 Bxb5 30. Rah1 Rb7 31. Kf3 Bc6 32. g4 fxg4+ 33. Kxg4 Bd7+ 34. Kg3 Bf5 35. R6h2 Be7 36. Rxh7 Kf8 37. Rxe7 1-0

[Event "COL-chT"]
[Site "Medellin"]
[Date "2021.12.09"]
[Round "1.2"]
[White "Valderrama Quiceno, Esteban Alberto"]
[Black "Moreno Marino, Juan Nicolas"]
[Result "1-0"]
[WhiteElo "2448"]
[BlackElo "1971"]
[PlyCount "69"]
[EventDate "2021.12.09"]
[EventType "team-swiss"]
[EventRounds "6"]
[EventCountry "COL"]
[SourceTitle "CBM 205 Extra"]
[Source "ChessBase"]
[SourceDate "2022.01.31"]
[SourceVersion "1"]
[SourceVersionDate "2022.01.31"]
[SourceQuality "1"]
[WhiteTeam "Liga de Antioquia"]
[BlackTeam "Boyaca II"]
[WhiteTeamCountry "COL"]
[BlackTeamCountry "COL"]

1. c4 c6 2. Nf3 d5 3. g3 dxc4 4. a4 Bg4 5. Bg2 Nd7 6. Na3 e5 7. Nxc4 Qc7 8. 0-0 Ngf6 9. d4 Bxf3 10. exf3 0-0-0 11. Bh3 Kb8 12. Qe2 Bd6 13. Nxd6 Qxd6 14. dxe5 Qe7 15. Re1 Rhe8 16. exf6 Qxe2 17. Rxe2 Rxe2 18. Bf4+ Ka8 19. fxg7 Nc5 20. Bf5 Ne6 21. Bh6 Rg8 22. Bxh7 Rxg7 23. Bxg7 Nxg7 24. Rd1 Kb8 25. Rd7 Ne6 26. h4 Rxb2 27. Rxf7 b5 28. axb5 Rxb5 29. Be4 c5 30. Re7 Rb6 31. h5 Ng5 32. Bd5 Rd6 33. Re5 Nh7 34. Be4 Nf6 35. Rxc5 1-0

[Event "COL Subzt 2.3.4"]
[Site "Risarald"]
[Date "2021.11.26"]
[Round "6"]
[White "Camperos Jimenez, Wilder Camilo"]
[Black "Moreno Marino, Juan Nicolas"]
[Result "0-1"]
[WhiteElo "1700"]
[BlackElo "1912"]
[PlyCount "80"]
[EventDate "2021.11.23"]
[EventType "swiss"]
[EventRounds "9"]
[EventCountry "COL"]
[SourceTitle "CBM 205 Extra"]
[Source "ChessBase"]
[SourceDate "2022.01.31"]
[SourceVersion "1"]
[SourceVersionDate "2022.01.31"]
[SourceQuality "1"]

1. e4 Nf6 2. Nc3 d5 3. exd5 Nxd5 4. Nxd5 Qxd5 5. Qf3 Qc5 6. c3 e5 7. Qe3 Nc6 8. Nf3 Qxe3+ 9. fxe3 e4 10. Ng5 Bf5 11. Bc4 Ne5 12. Nxf7 Nxf7 13. Bxf7+ Kxf7 14. 0-0 Ke6 15. b3 g6 16. Bb2 Bg7 17. h3 h5 18. d4 exd3 19. e4 Bxh3 20. gxh3 Rad8 21. Rad1 Rd7 22. e5 Bxe5 23. Rfe1 Re8 24. c4 Kf5 25. Kg2 h4 26. Rd2 g5 27. Rf2+ Bf4 28. Rxe8 d2 29. Rf8+ Ke4 30. Re8+ Kd3 31. Rxd2+ Kxd2 32. Be5 Rd3 33. Bxf4+ gxf4 34. Re7 a5 35. Rxc7 Ke2 36. Kg1 Rxh3 37. Rxb7 Re3 38. c5 f3 39. Kh2 f2 40. c6 f1Q 0-1

[Event "Ibague op"]
[Site "Ibague"]
[Date "2021.10.24"]
[Round "9"]
[White "Moreno Marino, Juan Nicolas"]
[Black "Ortiz Q, Johnny Alexander"]
[Result "1/2-1/2"]
[WhiteElo "1866"]
[BlackElo "2192"]
[PlyCount "33"]
[EventDate "2021.10.20"]
[EventType "swiss"]
[EventRounds "9"]
[EventCountry "COL"]
[SourceTitle "CBM 204 Extra"]
[Source "ChessBase"]
[SourceDate "2021.11.30"]
[SourceVersion "1"]
[SourceVersionDate "2021.11.30"]
[SourceQuality "1"]

1. e4 c5 2. Nf3 Nc6 3. Bb5 g6 4. c3 Bg7 5. 0-0 Nf6 6. Re1 0-0 7. d4 cxd4 8. cxd4 d5 9. e5 Ne4 10. Bxc6 bxc6 11. Nc3 Nxc3 12. bxc3 Qa5 13. Bg5 Re8 14. Qd2 Bg4 15. h3 Bxf3 16. gxf3 Rab8 17. Rab1 1/2-1/2

[Event "Ibague op"]
[Site "Ibague"]
[Date "2021.10.22"]
[Round "5"]
[White "Moreno Marino, Juan Nicolas"]
[Black "Cuartas Lozano, Santiago"]
[Result "1-0"]
[WhiteElo "1866"]
[BlackElo "1429"]
[PlyCount "55"]
[EventDate "2021.10.20"]
[EventType "swiss"]
[EventRounds "9"]
[EventCountry "COL"]
[SourceTitle "CBM 204 Extra"]
[Source "ChessBase"]
[SourceDate "2021.11.30"]
[SourceVersion "1"]
[SourceVersionDate "2021.11.30"]
[SourceQuality "1"]

1. e4 c5 2. Nf3 g6 3. d4 cxd4 4. Qxd4 Nf6 5. e5 Nc6 6. Qa4 Nd5 7. Qe4 Nb6 8. Nc3 Bg7 9. Bf4 0-0 10. 0-0-0 Re8 11. h4 h6 12. h5 f5 13. exf6 exf6 14. Qxg6 Ne7 15. Qd3 Rf8 16. Bd6 f5 17. Nb5 Na4 18. Qb3+ Kh8 19. Qxa4 Qb6 20. Bxe7 Re8 21. Nh4 Rxe7 22. Ng6+ Kh7 23. Nxe7 Qf6 24. Nd5 Qxb2+ 25. Kd2 Qe5 26. Nbc7 Rb8 27. Bd3 b5 28. Qf4 1-0

[Event "Soacha op-B"]
[Site "Soacha"]
[Date "2021.09.10"]
[Round "4"]
[White "Moreno Marino, Juan Nicolas"]
[Black "Rojas Mendoza, Joun Sun"]
[Result "1-0"]
[WhiteElo "1860"]
[BlackElo "1653"]
[PlyCount "47"]
[EventDate "2021.09.08"]
[EventType "swiss"]
[EventRounds "9"]
[EventCountry "COL"]
[SourceTitle "CBM 204 Extra"]
[Source "ChessBase"]
[SourceDate "2021.11.30"]
[SourceVersion "1"]
[SourceVersionDate "2021.11.30"]
[SourceQuality "1"]

1. e4 e6 2. d3 c5 3. g3 g6 4. Bg2 Bg7 5. Nf3 Ne7 6. 0-0 Qb6 7. c3 Nbc6 8. Na3 d5 9. Qe2 0-0 10. h4 Qc7 11. Nb5 Qd8 12. h5 a6 13. Na3 b5 14. h6 Bh8 15. Nc2 Bb7 16. e5 d4 17. Bg5 Qc7 18. Rfe1 dxc3 19. bxc3 Nd5 20. c4 Nc3 21. Qd2 Nxe5 22. Nxe5 Bxe5 23. Bxb7 Qxb7 24. Rxe5 1-0

[Event "COL-ch sf"]
[Site "Santa Rosa"]
[Date "2021.08.13"]
[Round "4"]
[White "Moreno Marino, Juan Nicolas"]
[Black "Lopez, Ricardo Andres"]
[Result "1-0"]
[WhiteElo "1820"]
[BlackElo "1290"]
[PlyCount "65"]
[EventDate "2021.08.11"]
[EventType "swiss"]
[EventRounds "11"]
[EventCountry "COL"]
[SourceTitle "CBM 204 Extra"]
[Source "ChessBase"]
[SourceDate "2021.11.30"]
[SourceVersion "1"]
[SourceVersionDate "2021.11.30"]
[SourceQuality "1"]

1. e4 c5 2. Nf3 d6 3. Bb5+ Nd7 4. c3 a6 5. Ba4 b5 6. Bc2 Bb7 7. 0-0 Ngf6 8. Qe2 g6 9. d4 Bg7 10. e5 dxe5 11. dxe5 Nh5 12. e6 fxe6 13. Ng5 e5 14. Nxh7 Qb6 15. Ng5 Nf4 16. Bxf4 exf4 17. Ne6 Nf8 18. Nxg7+ Kf7 19. Re1 Qd6 20. Nd2 Rxh2 21. Be4 Ra7 22. Bxb7 Rxb7 23. Ne6 Nxe6 24. Qxe6+ Qxe6 25. Rxe6 Rxg2+ 26. Kxg2 Kxe6 27. Ne4 Rc7 28. Kf3 b4 29. Kxf4 bxc3 30. Nxc3 Rd7 31. Re1+ Kf7 32. Rd1 Rb7 33. Rd2 1-0

[Event "COL-ch sf"]
[Site "Santa Rosa"]
[Date "2021.08.13"]
[Round "5"]
[White "Salazar, Andres Felipe"]
[Black "Moreno Marino, Juan Nicolas"]
[Result "1/2-1/2"]
[WhiteElo "1989"]
[BlackElo "1820"]
[PlyCount "74"]
[EventDate "2021.08.11"]
[EventType "swiss"]
[EventRounds "11"]
[EventCountry "COL"]
[SourceTitle "CBM 204 Extra"]
[Source "ChessBase"]
[SourceDate "2021.11.30"]
[SourceVersion "1"]
[SourceVersionDate "2021.11.30"]
[SourceQuality "1"]

1. Nf3 Nc6 2. e4 g6 3. d4 Bg7 4. d5 Ne5 5. Nxe5 Bxe5 6. f4 Bg7 7. Be2 d6 8. c4 c6 9. Nc3 cxd5 10. cxd5 Qb6 11. Bb5+ Kf8 12. Qe2 Bg4 13. Qxg4 Bxc3+ 14. bxc3 Qxb5 15. Qe2 Qxe2+ 16. Kxe2 Nf6 17. Kd3 Kg7 18. Be3 Nd7 19. c4 Rhc8 20. Rhc1 Nc5+ 21. Bxc5 Rxc5 22. Rc2 Rac8 23. Rac1 b6 24. Rc3 Ra5 25. R1c2 Rcc5 26. Rb2 Ra4 27. a3 e6 28. Rb4 Rca5 29. Rxa4 Rxa4 30. e5 Kf8 31. exd6 Ke8 32. dxe6 fxe6 33. c5 bxc5 34. Rxc5 Kd7 35. Rc7+ Kxd6 36. Rxh7 Rxa3+ 37. Ke4 Ra4+ 1/2-1/2

[Event "COL-ch sf"]
[Site "Santa Rosa"]
[Date "2021.08.12"]
[Round "2"]
[White "Moreno Marino, Juan Nicolas"]
[Black "Garcia Urruchurto, Hernan"]
[Result "0-1"]
[WhiteElo "1820"]
[BlackElo "1425"]
[PlyCount "82"]
[EventDate "2021.08.11"]
[EventType "swiss"]
[EventRounds "11"]
[EventCountry "COL"]
[SourceTitle "CBM 204 Extra"]
[Source "ChessBase"]
[SourceDate "2021.11.30"]
[SourceVersion "1"]
[SourceVersionDate "2021.11.30"]
[SourceQuality "1"]

1. d4 Nf6 2. c4 e6 3. Nc3 Bb4 4. a3 Bxc3+ 5. bxc3 c5 6. f3 0-0 7. e4 d5 8. cxd5 exd5 9. e5 Nfd7 10. f4 Re8 11. Nf3 c4 12. Be2 Nc6 13. 0-0 Nf8 14. Qc2 Ne7 15. Nh4 Neg6 16. Nf5 Bxf5 17. Qxf5 Qd7 18. Qh5 f5 19. g4 fxg4 20. f5 Nxe5 21. dxe5 Rxe5 22. Qxg4 Rae8 23. Ra2 Re4 24. Qg2 d4 25. Bxc4+ Kh8 26. Bd3 Re1 27. c4 Qe7 28. Raf2 Nd7 29. Qxb7 Rxc1 30. Rxc1 Qg5+ 31. Kh1 Nc5 32. Qf7 Qxc1+ 33. Rf1 Qe3 34. f6 Rg8 35. fxg7+ Rxg7 36. Qf8+ Rg8 37. Qf6+ Rg7 38. Rb1 Nd7 39. Qf5 Qe5 40. Qh3 Nc5 41. Rb5 Nxd3 0-1

[Event "COL-ch Amateurs U2000"]
[Site "Bogota"]
[Date "2021.06.24"]
[Round "2"]
[White "Rativa Jimenez, Cesar Daniel"]
[Black "Moreno Marino, Juan Nicolas"]
[Result "1/2-1/2"]
[WhiteElo "1816"]
[BlackElo "1743"]
[PlyCount "23"]
[EventDate "2021.06.23"]
[EventType "swiss"]
[EventRounds "7"]
[EventCountry "COL"]
[SourceTitle "CBM 203 Extra"]
[Source "ChessBase"]
[SourceDate "2021.09.30"]
[SourceVersion "1"]
[SourceVersionDate "2021.09.30"]
[SourceQuality "1"]

1. e4 e5 2. Nf3 Nc6 3. d4 exd4 4. Bc4 Nf6 5. 0-0 Nxe4 6. Re1 d5 7. Bxd5 Qxd5 8. Nc3 Qa5 9. Nxe4 Be6 10. Neg5 0-0-0 11. Nxe6 fxe6 12. Rxe6 1/2-1/2

[Event "COL-ch U20"]
[Site "Duitama"]
[Date "2021.03.18"]
[Round "1"]
[White "Garcia Fonseca, Karen Geraldin"]
[Black "Moreno Marino, Juan Nicolas"]
[Result "0-1"]
[WhiteElo "1394"]
[BlackElo "1766"]
[PlyCount "72"]
[EventDate "2021.03.18"]
[EventType "swiss"]
[EventRounds "7"]
[EventCountry "COL"]
[SourceTitle "EXT 2022"]
[Source "ChessBase"]
[SourceDate "2021.10.06"]
[SourceVersion "1"]
[SourceVersionDate "2021.10.06"]
[SourceQuality "1"]

1. e4 c5 2. Nf3 e6 3. d4 cxd4 4. Nxd4 Nf6 5. Bd3 a6 6. 0-0 Bc5 7. Nb3 Ba7 8. Bg5 d6 9. N1d2 0-0 10. Be3 Bxe3 11. fxe3 Nc6 12. c3 Ne5 13. Nf3 Nfg4 14. Qe2 b5 15. Nbd4 Bb7 16. Nxe5 Nxe5 17. Rad1 Qb6 18. Bc2 Rac8 19. a3 Nc4 20. Bb3 Bxe4 21. a4 e5 22. axb5 axb5 23. Bxc4 bxc4 24. Nf5 Rb8 25. Rxd6 Qxb2 26. Qg4 Bxf5 27. Qxf5 Qxc3 28. e4 Qa5 29. Rd7 Qc5+ 30. Kh1 g6 31. Qg5 c3 32. h4 c2 33. Kh2 Qb5 34. Rf5 Qxd7 35. h5 Qd8 36. Qg3 c1Q 0-1